Flow of funds accounts in Korea
Đã lưu trong:
| 格式: | 圖書 |
|---|---|
| 語言: | Undetermined |
| 出版: |
Korea
The Bank Of Korea
1975
|
| 主題: | |
| 標簽: |
添加標簽
沒有標簽, 成為第一個標記此記錄!
|
| Thư viện lưu trữ: | Trung tâm Học liệu Trường Đại học Cần Thơ |
|---|
| LEADER | 00430nam a2200169Ia 4500 | ||
|---|---|---|---|
| 001 | CTU_92136 | ||
| 008 | 210402s9999 xx 000 0 und d | ||
| 082 | |a 339.26 | ||
| 082 | |b F644 | ||
| 245 | 0 | |a Flow of funds accounts in Korea | |
| 260 | |a Korea | ||
| 260 | |b The Bank Of Korea | ||
| 260 | |c 1975 | ||
| 650 | |a flow of funds | ||
| 650 | |x korea | ||
| 904 | |i Mai Loan | ||
| 980 | |a Trung tâm Học liệu Trường Đại học Cần Thơ | ||